LEADER 01265nam a2200265 4500 001 000000358083 003 CaOOAMICUS 005 20240418121921.0 008 240418s2014 gw 000 u eng r 020 $a978-3-525-54027-5 040 $aSeMil$bita 100 1 $aMoreschini, Claudio,$d<1938- >.$0(OLS)http://semarc/name/4 245 12$aA christian in Toga :$bBoethius: interpreter of antiquity and Christian theologian /$cClaudio Moreschini. 264 1$aGöttingen :$bVandenhoeck & Ruprecht,$c2014. 300 $a155 p. ;$c24 cm 490 1 $aBeiträge zur Europäischen Religionsgeschichte ;$v3 504 $aBibliography, p. [145]-152 600 04$aBoezio, Severino <480-524>.$0(OLS)http://semarc/subject/4723 830 0$aBeiträge zur Europäischen Religionsgeschichte ;$v3.$0(OLS)http://semarc/title/448364 850 $aSeMil 852 $aSeMil$W1$xVenegono$y1$m2N VI 11$j247714$B249199$CSeMilBibl$Z2$F249199 $81 996 $6020$a978-3-525-54027-5$9(OLS)http://semarc/number/300258 996 $6245$aA christian in Toga :$bBoethius: interpreter of antiquity and Christian theologian$9(OLS)http://semarc/title/448363 996 $6264$aGöttingen :$bVandenhoeck & Ruprecht$9(OLS)http://semarc/publisher/29697 LEADER 01276nam a2200289 i 4500 001 000000036899 003 CaOOAMICUS 005 20070619000000.0 008 070619s1990 it u000 u ita u 013 $a6815 020 $a88-317-5197-2 040 $aSeMil$bita 100 1 $aAnceschi, Luciano <1911->.$0(OLS)http://semarc/name/6631 245 13$aLe poetiche del Novecento in Italia :$bstudio di fenomemologia e storia delle poetiche /$cLuciano Anceschi ; a cura di Lucio Vetri. 260 $aVenezia :$bMarsilio,$c1990. 300 $aXII, 362 p. ;$c22 cm. 490 0 $aSaggi Marsilio 500 $aContiene : Appendice ; Bibliografia. 650 4$aPoesia italiana - Storia - Sec. 20.$0(OLS)http://semarc/subject/5870 700 1 $aVetri, Lucio.$0(OLS)http://semarc/name/17522 830 0$aSaggi Marsilio.$0(OLS)http://semarc/title/7835 850 $aSeMil 852 $aSeMil$W1$xVenegono$y1$m1D VI 91$j3054$B3054$CSeMilBibl$Z2$F3054 $81 961 $aAcquisto: Pontiggia (Libreria) 996 $6020$a88-317-5197-2$9(OLS)http://semarc/number/5711 996 $6245$aLe poetiche del Novecento in Italia :$bstudio di fenomemologia e storia delle poetiche$9(OLS)http://semarc/title/51388 996 $6260$aVenezia :$bMarsilio$9(OLS)http://semarc/publisher/30231